000
00294nam a2200109Ia 4500
008
200302s9999 xx 000 0 und d
100
_a
Judith Miller's
245
_a
Color Period & Regional Style from Around the World
260
_b
Clarkson Potter/ Publisher
260
_c
2000
300
_a
240 P.,
999
_c
1221
_d
1221